Marketing Management Foundations and Practices

Gespeichert in:
Bibliographische Detailangaben
1. Verfasser: Lazer, William
Weitere Verfasser: Culley, James D.
Format: Buch
Sprache:Englisch
Veröffentlicht: Boston Houghton Mifflin Co. 1983
Ausgabe:1. ed.
Schlagworte:
Tags: Tag hinzufügen
Keine Tags, Fügen Sie das erste Tag hinzu!

MARC

LEADER 00000nam a2200000 4500
001 c012461
005 20221207073854.5
020 |a 0-395-32716-4 
041 0 |a eng 
044 |a US 
245 1 0 |a Marketing Management  |b Foundations and Practices  |c William Lazer, James D. Culley 
250 |a 1. ed. 
264 1 |a Boston  |b Houghton Mifflin Co.  |c 1983 
300 |a 869 s. 
610 2 0 |a marketing manažment 
610 2 0 |a riadenie strategické 
610 2 0 |a manažment strategický 
610 2 0 |a plánovanie finančné 
610 2 0 |a plánovanie strategické 
610 2 0 |a kontrola 
610 2 0 |a správanie 
610 2 0 |a správanie spotrebiteľa 
610 2 0 |a cesty odbytové 
610 2 0 |a marketing medzinárodný 
100 1 |a Lazer, William 
700 1 |a Culley, James D.